Szertelen evolució.
Elmentve itt :
| Szerző: | |
|---|---|
| Adatforrás: | Philobibl |
| Forrásdokumentuma: | Katholikus Szemle 1904. évf., 225-241.p. p. |
| Dokumentumtípus: | Cikk |
| Nyelv: | magyar |
| LEADER | 00277nab a2200097 c 4500 | ||
|---|---|---|---|
| 001 | bibDOK00025405 | ||
| 005 | 20200924121953.4 | ||
| 008 | 060518s1904 hu hun | ||
| 100 | 1 | |a Rott Nándor | |
| 245 | 1 | 0 | |a Szertelen evolució. |c Rott Nándor |
| 773 | 0 | |t Katholikus Szemle |g 1904. évf., 225-241.p. p. | |